000 00702nam a2200289Ia 4500
008 190123s9999 xx 000 0 und d
020 _a9780545419987
050 _bB855 2012
100 _aBright, Phoebe
245 0 _aWish upon a friend /
245 0 _cby Phoebe Bright ; illustrated by Karen Donnelly.
260 _aNew York, New York :
260 _bScholastic,
260 _c2012
300 _a79 pages :
300 _bcolored illustrations ;
300 _c19cm.
440 _aLucky stars ;
440 _v1
500 _a590L
650 _aBirthdays.
650 _aFriendship.
650 _aMagic.
700 _aDonnelly, Karen.
700 _aSeries.
700 _aTitle.
999 _c361097
_d361097